Normal view
MARC view
- Mikromechanik
Entry Topical Term
001 - CONTROL NUMBER
- control field: 83318
003 - CONTROL NUMBER IDENTIFIER
- control field: NUST
005 - DATE AND TIME OF LATEST TRANSACTION
- control field: 20211021104759.0
008 - FIXED-LENGTH DATA ELEMENTS
- fixed length control field: 211021|| aca||aabn | a|a d
040 ## - CATALOGING SOURCE
- Original cataloging agency: NUST
- Transcribing agency: NUST
150 ## - HEADING--TOPICAL TERM
- Topical term or geographic name entry element: Mikromechanik
670 ## - SOURCE DATA FOUND
- Source citation: Work cat.: (NUST)32964: Kussulʹ, Ė. M. 83317, Neural networks and micromechanics /, c2010.
